000 00782nam a2200205 i 4500
001 165533
003 ES-MaACL
005 20250930063146.0
008 991028s1763 sp |||| | spa d
040 _aCLM
_bspa
_cCLM
100 0 _aSolís, Antonio de,
_d1610-1686
_9107210
245 1 3 _aUn bobo hace ciento
_b: comedia famosa /
_cde don Antonio de Solis.
260 _aEn Valencia :
_ben la Imprenta de la Viuda de Joseph de Orga ... donde se hallarà ...,
_c1763.
300 _a32 p. ;
_c4º.
596 _aPie de imp. tomado de colofón.
597 _aSign.: A-D4.
597 _aEn el margen superior izquierdo de p. 1 consta: "N. 60"
852 _aES-MaACL
_jR-3037-44
_xOlim:T-1431
_z-- Enc. pasta española grab. con hierros
999 _c165533
_d165533